000 01254cam a2200169 4500
001 L130647
008 050822n2005 000 0 eng u
035 _a(Sirsi) u130647
041 _aeng
110 _aRoyal Institution of Chartered Surveyors
_94900
245 _aAsset management in local authorities
260 _c2005
520 _aReport commissioned by the ODPM to produce guidance on how local authorities can produce asset management plans for their property assets in response to a whole raft of initiatives such as the best value framework, budgetary pressures, the Gershon review, the Prudential code and the comprehensive performance assessment process. These guidelines place a greater emphasis on service delivery and the links between effective property management and improved service delivery. Authorities following the guidance should find that they are obtaining better value from property assets that are making an increased contribution to serving the authorities strategic needs.
690 _aPROPERTY-COMMERCIAL PROPERTY-COMMERCIAL PROPERTY MANAGEMENT
856 _uhttps://www.rics.org/Property/Propertymanagement/AssetManagementinLocalAuthorities230305.htm
_zView the item free of charge at www.rics.org...
942 _n0
999 _c104503
_d104503